MARC details
| 000 -CABECERA |
| campo de control de longitud fija |
01295nam a2200289 i 4500 |
| 003 - IDENTIFICADOR DEL NÚMERO DE CONTROL |
| campo de control |
DO-SdBNP |
| 005 - FECHA Y HORA DE LA ÚLTIMA TRANSACCIÓN |
| campo de control |
20230922150213.0 |
| 007 - CAMPO FIJO DE DESCRIPCIÓN FÍSICA--INFORMACIÓN GENERAL |
| campo de control de longitud fija |
ta |
| 008 - DATOS DE LONGITUD FIJA--INFORMACIÓN GENERAL |
| campo de control de longitud fija |
110413s199- dr 000 0 spa d |
| 040 ## - FUENTE DE LA CATALOGACIÓN |
| Centro catalogador/agencia de origen |
DO-SdBNP |
| Lengua de catalogación |
spa |
| Centro/agencia transcriptor |
BNPHU |
| Normas de descripción |
rda |
| 082 ## - NÚMERO DE LA CLASIFICACIÓN DECIMAL DEWEY |
| Número de clasificación |
332.1 |
| Número de documento/Ítem |
S964f |
| Número de edición |
22 |
| 100 1# - ENTRADA PRINCIPAL--NOMBRE DE PERSONA |
| Nombre de persona |
Susano Lucero, Aurelio Reynaldo |
| 9 (RLIN) |
12719 |
| 245 10 - MENCIÓN DE TÍTULO |
| Título |
Fomento de la inversión productiva por medio de los servicios de las instituciones financieras de desarrollo : |
| Resto del título |
el caso de la Corporación Financiera de Desarrollo, S.A., COFIDE / |
| Mención de responsabilidad, etc. |
Aurelio Reynaldo Susano Lucero |
| 264 #1 - PRODUCCIÓN, PUBLICACIÓN, DISTRIBUCIÓN, FABRICACIÓN Y COPYRIGHT |
| Producción, publicación, distribución, fabricación y copyright |
Lima, Peru: |
| Nombre del de productor, editor, distribuidor, fabricante |
ALIDE, |
| Fecha de producción, publicación, distribución, fabricación o copyright |
[Fecha no indentificada]. |
| 300 ## - DESCRIPCIÓN FÍSICA |
| Extensión |
203 páginas |
| Dimensiones |
23 cm. |
| 336 ## - TIPO DE CONTENIDO |
| Fuente |
rdacontent |
| Término de tipo de contenido |
texto |
| Código de tipo de contenido |
txt |
| 337 ## - TIPO DE MEDIO |
| Fuente |
rdamedia |
| Nombre/término del tipo de medio |
sin mediación |
| Código del tipo de medio |
n |
| 338 ## - TIPO DE SOPORTE |
| Fuente |
rdacarrier |
| Nombre/término del tipo de soporte |
volumen |
| Código del tipo de soporte |
nc |
| 504 ## - NOTA DE BIBLIOGRAFÍA, ETC. |
| Nota de bibliografía, etc. |
Bibliografía p: 199-203 |
| 586 ## - NOTA DE PREMIOS |
| Nota de premios |
Trabajo ganador del XIV concurso Latinoamericano sobre Banca de Fomento, convocado por la Asociación Latinoamericana de Instituciones Financieras de Desarrollo (ALIDE) |
| 590 ## - NOTA LOCAL (RLIN) |
| Nota local |
Inventariado, 2023/ YL |
| 650 #4 - PUNTO DE ACCESO ADICIONAL DE MATERIA--TÉRMINO DE MATERIA |
| Término de materia o nombre geográfico como elemento de entrada |
Instituciones financieras |
| Subdivisión general |
América Latina |
| 9 (RLIN) |
83873 |
| 650 #4 - PUNTO DE ACCESO ADICIONAL DE MATERIA--TÉRMINO DE MATERIA |
| Término de materia o nombre geográfico como elemento de entrada |
Inversiones |
| 9 (RLIN) |
2721 |
| Subdivisión general |
América Latina |
| 710 1# - PUNTO DE ACCESO ADICIONAL--NOMBRE DE ENTIDAD CORPORATIVA |
| Nombre de entidad corporativa o nombre de jurisdicción como elemento de entrada |
Asociación Latinoamericana de Instituciones Fiancieras de Desarrollo (ALIDE) |
| 9 (RLIN) |
84263 |
| 910 ## - DATOS DE OPCIÓN DEL USUARIO (OCLC) |
| Datos de opción del usuario |
YLockward |
| 942 ## - ELEMENTOS DE PUNTO DE ACCESO ADICIONAL (KOHA) |
| Fuente del sistema de clasificación o colocación |
Dewey Decimal Classification |
| Tipo de ítem Koha |
Libro |